Scritti corsari /
Saved in:
| Hovedforfatter: | |
|---|---|
| Format: | Bog |
| Udgivet: |
2a ed. milano :
garzanti editore,
1991
|
| Tags: |
Ingen Tags, Vær først til at tagge denne postø!
|
MARC
| LEADER | 00000nam a22000007i 4500 | ||
|---|---|---|---|
| 005 | 20241231115714.0 | ||
| 008 | 081120s1991 it |||||| ||||| |||||c | ||
| 040 | |c CT | ||
| 100 | |a Pasolini, Pier Paolo | ||
| 245 | 0 | 0 | |a Scritti corsari / |c Pier Paolo Pasolini, prefazione di Alfonso Berardinelli. |
| 260 | |a 2a ed. milano : |b garzanti editore, |c 1991 | ||
| 300 | |a XII p di nota introduttiva del'autore : |b 248 p. ; |c 19 cm | ||
| 500 | |a saggio- gli elefanti | ||
| 942 | |2 ddc |c BK | ||
| 952 | |0 0 |1 0 |2 ddc |4 0 |6 853_914000000000000_PAS_SCR |7 1 |9 2550 |a RN |b RN |d 2024-12-30 |l 0 |o 853.914 PAS SCR |p 9994 |r 2024-12-30 17:19:00 |w 2024-12-30 |y BK | ||
| 952 | |0 0 |1 0 |2 ddc |4 0 |6 853_914000000000000_PAS_SCR |7 1 |9 3521 |a RN |b RN |d 2025-03-01 |l 0 |o 853.914 PAS SCR |p 10780 |r 2025-03-01 15:49:07 |w 2025-03-01 |y BK |z Donazione di Giovanni Rimondini | ||
| 999 | |c 2214 |d 2214 | ||